000 00867nam a2200277 a 4500
001 21320
003 BD-RjUL
005 20211209000655.0
008 140303s1950 nyu 000 1 eng
035 _a50-07550
035 _a(OCoLC)260980
_a(BD-RjUL)21384
040 _aDLC
_cDLC
_dm.c
_dBD-RjUL
_beng
041 _aeng
082 0 4 _a821.09
_bBUS 1962
100 1 _aBush, Douglas,
_d1896-1983.
_955811
245 1 0 _aScience and English poetry :
_ba historical sketch, 1590-1950 /
_cDouglas Bush.
260 _aNew York :
_bOxford University Press,
_c1950 [ Printing 1962].
300 _aviii, 166 p. ;
_c21 cm
490 1 _aPatten lectures ;
_v1949
650 0 _aEnglish poetry
_xHistory and criticism
_954587
650 0 _aLiterature and science
_953108
830 0 _v1949
_965919
830 0 _aPatten lectures ;
_965920
942 _2ddc
_cBK
999 _c21320
_d21320